| 000 -CABECERA |
| Longitud fija campo de control |
00464nam a2200145 a 4500 |
| 001 - NÚMERO DE CONTROL |
| Número de control |
4305 |
| 003 - IDENTIFICADOR DEL NÚMERO DE CONTROL |
| Identificador del número de control |
CDMR |
| 005 - FECHA Y HORA DE LA ÚLTIMA TRANSACCIÓN |
| Fecha y hora de la última transacción |
20131024172006.0 |
| 008 - CÓDIGOS DE INFORMACIÓN DE LONGITUD FIJA |
| Códigos de información de longitud fija |
130130s2007||||||||||||||||||||||||||||d |
| 040 ## - FUENTE DE LA CATALOGACIÓN |
| Centro catalogador de origen |
CDMR |
| Lengua de catalogación |
cat |
| Centro transcriptor |
CPC GIRONA |
| 245 00 - MENCIÓN DE TÍTULO |
| Título |
Del tebeo al manga |
| Resto del título |
: una historia de los cómics |
| Mención de responsabilidad, etc. |
[proyecto, coordinación y redacción: Antoni Guiral] |
| 260 ## - PUBLICACIÓN, DISTRIBUCIÓN, ETC. (PIE DE IMPRENTA) |
| Fecha de publicación, distribución, etc. |
2007 |
| Nombre del editor, distribuidor, etc. |
Panini Comics |
| Lugar de publicación, distribución, etc. |
Torroella de Montgrí |
| 650 04 - PUNTO DE ACCESO ADICIONAL DE MATERIA - TÉRMINO DE MATERIA |
| 9 (RLIN) |
3313 |
| Término de materia o nombre geográfico como elemento inicial |
Còmics |
| Subdivisión de materia general |
Història i crítica |
| 942 ## - ENTRADA DE ELEMENTOS AGREGADOS (KOHA) |
| Koha [por defecto] tipo de item |
Monografies |
| Fuente de clasificaión o esquema |
|